Governança e sustentabilidade : (Record no. 72)

MARC details
000 -LÍDER
Campo Fixo de Controle 00840cam a2200253 a 4500
001 - NÚMERO DE CONTROLE
Campo de Controle 72
003 - IDENTIFICAÇÃO DO NÚMERO DE CONTROLE
Campo de Controle BR-CuiBMT
005 - DATA E HORA DA ÚLTIMA ATUALIZAÇÃO
Campo de Controle 20231113223918.0
008 - DADOS FIXOS
Dados Fixos 230809s2023 mgba 000 0 por d
020 ## - INTERNATIONAL STANDARD BOOK NUMBER
Nº do ISBN 9786555183955
040 ## - AGÊNCIA CATALOGADORA
Código da Agência Catalogadora BR-CuiBMT
Agência que transcreveu o registro BR-CuiBMT
080 ## - Nº DA CLASSIFICAÇÃO DECIMAL UNIVERSAL
Nº edição CDU 2007
Nº Class. CDU 336.13:502.131.1
090 ## - NÚMERO DE CHAMADA
Nº classificação 336.13:502.131.1
Cutter C122g
100 1# - ENTRADA PRINCIPAL -- AUTOR PESSOAL
Nome pessoal Cader, Renato
245 10 - TÍTULO PRINCIPAL
Título principal Governança e sustentabilidade :
Subtítulo um elo necessário no Brasil /
Indicação de responsabilidade Renato Cader, Teresa Villac ; prefácio Antonio Herman Benjamin.
260 ## - PUBLICAÇÃO, DISTRIBUIÇÃO, ETC.
Local de publicação Belo Horizonte :
Editora Fórum,
Data c2022.
300 ## - DESCRIÇÃO FÍSICA
N. páginas ou volumes 155 p. :
Ilustrações il. ;
Dimensões 22 cm
504 ## - NOTA DE BIBLIOGRAFIA, ETC.
Nota de bibliografia Inclui bibliografia.
590 ## - NOTA LOCAL
Campo de ligação e número de sequência A Biblioteca possui 1. reimpr. 2023.
650 ## - ASSUNTO TÓPICO
Cabeçalho tópico ou nome geográfico Governança pública
Subdivisão geral Sustentabilidade ambiental
Subdivisão geográfica Brasil
650 ## - ASSUNTO TÓPICO
Cabeçalho tópico ou nome geográfico Gestão ambiental
Subdivisão geográfica Brasil
700 1# - ENTRADA SECUNDÁRIA -- NOME PESSOAL
Nome pessoal Villac, Teresa
942 ## - ELEMENTOS DE ENTRADA ADICIONAIS (KOHA)
Fonte de classificação ou esquema de arquivamento Classificação Decimal Universal
Tipo de item do Koha Livros
Holdings
Estado: removido Estado: perdido Fonte de classificação ou esquema de arquivamento Estado: danificado Indisponível para empréstimo Localização permanente Localização atual Data de aquisição Total Checkouts Número de Chamada completo Código de barras Date last seen Número do exemplar Preço efetivo a partir de Tipo de item (Koha) Nota pública
    Classificação Decimal Universal     Biblioteca da Escola Superior de Contas do TCE/MT Biblioteca da Escola Superior de Contas do TCE/MT 28/07/2023   336.13:502.131.1 C122g BIBTCEMT23080048 09/08/2023 Ex. 1 09/08/2023 Livros 1. reimpr. 2023

Powered by Koha